Países que acaban en -landia - Estadísticas

Estadísticas generales
  • Esta prueba ha sido intentada 51 veces
  • La puntuación promedio es 4 de 5
Estadísticas de respuestas
Hint País % Correcto
Landia Islandia
96%
Landia Finlandia
87%
Landa Irlanda
87%
Landia Tailandia
57%
Landa Nueva Zelanda
51%
No se encontraron pruebas coincidentes
Distribución de puntuación
Porcentaje de gente con cada puntuación
Porcentaje por número respondido
Historial de tus puntuaciones
No has intentado esta prueba.